00878 2200301 4500001002100000005001700021008004100038020001800079035002400097082001300121090002300134100001900157245013800176250001100314260003500325300002500360500002700385650003200412700002000444700001800464850001500482980001300497985000600510999001500516999001500531999001500546999001500561YOGYA-0209000003660620090227025139.0 ind  a979-489-963-1 0010-020900000036606 a639.2068 a639 2068bEff MlT aEFFENDI, Irzal aManajemen agribisnis perikanancIrzal Effendi, Wawan Oktariza ; ilustrasi, Irzal Effendi, Wawan Oktariza, Angga Wibawo Anggoro Wibowo aCet. 1 aJakartabPenebar Swadayac2006 a161 hlmbilusc23 cm aBibliografi : hlm. 161 aPerikanan - Aspek manajemen aOktariza, Wawan aWibowo, Angga aYOPDYOG(B) a15-11-06 a4 a06P0000441 a06P0000442 a06P0000443 a06P0000444